000
00259nam a2200109Ia 4500
008
190216s9999||||xx |||||||||||||| ||und||
100
_a
Kellelbey
245
0
_a
Short History Of Modern Europe
260
_b
Surjeet Pubs.Delhi
650
_a
History
942
_c
BK
999
_c
19270
_d
19270